| 000 | 00617 a2200157 4500 | ||
|---|---|---|---|
| 999 |
_c104 _d104 |
||
| 020 | _a9780132051613 | ||
| 050 | _aBF39 HOW 2008 | ||
| 100 |
_a Howitt, Dennis _eauthor |
||
| 245 |
_aIntroduction to statistics in psychology / _cDennis Howitt, Duncan Cramer. |
||
| 264 |
_aHarlow : _b Financial Times Prentice Hall., _c2008 |
||
| 300 |
_axxx, 527 pages.: _b ill. ; 25 cm + 1 CD-ROM |
||
| 500 | _aincludes bibliographical references and index. Previous edition: Harlow: Pearson/Prentice Hall, 2005. CD-ROM in back pocket. | ||
| 650 | _a Psychometrics. | ||
| 700 | _a Duncan Cramer. | ||
| 942 |
_2lcc _cBK _e4th ed _h39 _iHOW _kBF |
||